Chinese Provinces by Bordering Countries - Statistics

General Stats
  • This quiz has been taken 31 times
  • The average score is 15 of 20
Answer Stats
Bordering Country Chinese Province % Correct
Afghanistan Xinjiang
96%
Bhutan Tibet
87%
India Tibet
83%
Nepal Tibet
83%
Kazakhstan Xinjiang
83%
Kyrgyzstan Xinjiang
83%
Pakistan Xinjiang
83%
Tajikistan Xinjiang
83%
Russia Heilongjiang
78%
North Korea Jilin
78%
Myanmar Tibet
78%
Laos Yunnan
78%
Russia Inner Mongolia
74%
India Xinjiang
74%
North Korea Liaoning
70%
Vietnam Guangxi
65%
Russia Jilin
65%
Russia Xinjiang
65%
Myanmar Yunnan
65%
Vietnam Yunnan
65%
No matching quizzes found
Score Distribution
Percent of People with Each Score
Percentile by Number Answered
Your Score History
You have not taken this quiz